000 00581nam a22001937a 4500
005 20140922120111.0
010 _aENG-110896
020 _a9789351432470
_c180.00
035 _aEN-94428
037 _bDBAD/PUB
082 _a342.54
100 _aRosedar S.R.A.
245 _aAdministrative law /
_cby Rosedar S.R.A.
260 _aGurgaon
_bLexis Nexis
_c2014
270 _a14th Floor, Building No.10, Tower-B, DLF Cyber City, Phase-II
_bGurgaon
_e122002
300 _aviii,97p.
_c23cm(pbk)
490 _aQuick reference guide
942 _2ddc
_cEN
_mROS
_h342.54
999 _c88738
_d88738